00830cam a2200241 a 45000010008000000030004000080050017000120080041000290100017000700200022000870200022001090400018001310430012001490820016001612450135001772600051003123000034003635000020003975040032004176500053004496510054005027000032005564289804OSt20230620115035.0851126s1984 enka b 001 0 eng  a 85233563  a0907582133 (pbk.) a0907582109 (hard) aDLCcDLCdDLC ae-gw---00a320.94bSCH00aPolitics and government in the Federal Republic of Germany :bbasic documents /cedited by Carl-Christoph Schweitzer ... [et al.]. aLeamington Spa [Warwickshire] :bBerg,cc1984. axix, 444 p. :bill. ;c22 cm. aIncludes index. aBibliography: p. [421]-428. 0aConstitutional historyzGermany (West)xSources. 0aGermany (West)xPolitics and governmentxSources.1 aSchweitzer, Carl Christoph.